Mentre l'Inghilterra dorme

محفوظ في:
التفاصيل البيبلوغرافية
المؤلف الرئيسي: Leavitt David
التنسيق: كتاب
اللغة:لغة غير معروفة
منشور في: Milano Leonardo 1996
الوسوم: إضافة وسم
لا توجد وسوم, كن أول من يضع وسما على هذه التسجيلة!

MARC

LEADER 00000nam a2200000Ia 4500
001 492
003 NUMERAZIONE-ORIGINALE-BRESCIA
005 20260206230753.0
008 260206s9999 xx 000 0 und d
100 |a Leavitt David 
245 0 |a Mentre l'Inghilterra dorme 
260 |a Milano 
260 |b Leonardo 
260 |c 1996 
500 |a Leonardo Letteratura 
942 |2 ddc  |c BK  |n 0 
952 |0 0  |1 0  |2 ddc  |4 0  |6 21  |7 0  |9 28619  |a BS  |b BS  |d 2026-02-06  |i 492  |l 0  |o 2-1-*  |r 2026-02-06 22:40:39  |w 2026-02-06  |x [REVISIONARE]  |y BK 
999 |c 24277  |d 24277